Insolvenční praxe v České republice v období 2008 - 2013

Salvato in:
Dettagli Bibliografici
Autore principale: Kislingerová, Eva
Altri autori: Richter, Tomáš, Smrčka, Luboš
Natura: Libro
Lingua:ceco
Pubblicazione: Praha C. H. Beck 2013
Serie:Beckova edice ekonomie
Soggetti:
Tags: Aggiungi Tag
Nessun Tag, puoi essere il primo ad aggiungerne!!

MARC

LEADER 00000nam a2200000 4500
001 0185635
005 20240313085901.4
020 |a 978-80-7400-497-1 
041 0 |a cze 
044 |a CZ 
245 1 0 |a Insolvenční praxe v České republice  |b v období 2008 - 2013  |c Eva Kislingerová, Tomáš Richter, Luboš Smrčka a kol. 
264 1 |a Praha  |b C. H. Beck  |c 2013 
300 |a 143 s. 
490 1 |a Beckova edice ekonomie 
830 0 |a Beckova edice ekonomie 
610 2 0 |a právo finančné 
610 2 0 |a bankrot 
610 2 0 |a zadlženosť 
610 2 0 |a dlhy 
610 2 0 |a banky 
610 2 0 |a právo trestné 
610 2 0 |a obchody úverové 
610 2 0 |a Rusko 
610 2 0 |a Česko 
610 2 0 |a Európska únia 
100 1 |a Kislingerová, Eva 
700 1 |a Richter, Tomáš 
700 1 |a Smrčka, Luboš